عقائل قريش
Saved in:
Main Author:
Format: Book
Language: Undetermined
Published:
Baghdad
Egyptian Press
1957
Tags: Add Tag
No Tags, Be the first to tag this record!
Call Number: A99 DEYO
| LEADER | 00333nam a2200121Ia 4500 | ||
|---|---|---|---|
| 008 | 240404s9999||||xx |||||||||||||| ||und|| | ||
| 050 | 4 | |a A99 DEYO | |
| 100 | 1 | |a ديوه جي، سعيد.. | |
| 245 | 1 | 0 | |a عقائل قريش |c ديوه جي، سعيد. |
| 264 | 1 | |a Baghdad |b Egyptian Press |c 1957 | |
| 300 | |a 112 |c 19 | ||
| 942 | |2 lcc |c BK | ||
| 999 | |c 58034 |d 58034 | ||
